Wszyscy zwycięzcy Ligi Mistrzów/Pucharu - Statystyki

Ogólne statystyki
  • Ten quiz został rozwiązany 179 razy
  • Średni wynik to 9 z 22
Statystyki odpowiedzi
Wygrane Drużyna % Poprawnych
14 Real Madryt
98%
5 FC Barcelona
85%
7 AC Milan
83%
6 Bayern Monachium
80%
3 Manchester United
71%
3 Inter Mediolan
66%
4 Ajax Amsterdam
61%
6 FC Liverpool
56%
2 Juventus Turyn
54%
1 Borussia Dortmund
52%
2 FC Porto
49%
2 Chelsea FC
31%
2 Nottingham Forest
31%
1 Aston Villa
21%
1 Celtic Glasgow
20%
1 Feyenoord
17%
1 Olympique Marsylia
15%
1 Crvena Zvezda Belgrad
13%
1 Hamburger SV
13%
2 Benfika Lizbona
8%
1 Steaua Bukarest
2%
1 PSV Eeindhoven
0%
Nie znaleziono quizów pasujących do podanych kryteriów
Rozkład punktacji
Procent ludzi z każdym wynikiem
Percentyl według liczby udzielonych odpowiedzi
Twoja historia wyników
Nie rozwiązałeś tego quizu